Sports Quiz

Random Sports Quiz

Chicago Blackhawks (09-10) Quiz Stats

 Plays Quiz not verified by Sporcle

Also try: Ryder Cup (U.S.)
Challenge
Share
Tweet
Embed
Score 0/23 Timer 10:00
0 Plays Today
% Correct
Patrick Kane
99.3%
Jonathan Toews
98.4%
Ducan Keith
92.4%
Antti Niemi
92.4%
Cristobal Huet
92.2%
Brent Seabrook
92%
Patrick Sharp
91.5%
Marian Hossa
90.4%
Dustin Byfuglien
84.8%
Brian Campbell
79%
Andrew Ladd
75.9%
Kris Versteeg
74.1%
% Correct
Brent Sopel
73.2%
Adam Burish
71.9%
Dave Bolland
70.8%
Ben Eager
70.5%
John Madden
67%
Troy Brouwer
65.4%
Toms Kopecky
65.2%
Niklas Hjalmarsson
60.9%
Colin Fraser
53.1%
Jordan Hendry
51.8%
Cam Barker
41.3%

You're not logged in!

Compare scores with friends on all Sporcle quizzes.
Join for Free
OR
Log In

You Might Also Like...

Show Comments

Extras

Top Quizzes Today


Score Distribution

Your Account Isn't Verified!

In order to create a playlist on Sporcle, you need to verify the email address you used during registration. Go to your Sporcle Settings to finish the process.

Report this User

Report this user for behavior that violates our Community Guidelines.

Details: